Selección por competencias (Registro nro. 156)

Detalles MARC
000 -LEADER
fixed length control field 01207 a2200229 4500
001 - CONTROL NUMBER
control field 241
005 - DATE AND TIME OF LATEST TRANSACTION
control field 20260407155416.0
008 - FIXED-LENGTH DATA ELEMENTS--GENERAL INFORMATION
fixed length control field 260407a2006 arg spa d
003 - CONTROL NUMBER IDENTIFIER
control field AR-UNSa-BCEJYS
040 ## - CATALOGING SOURCE
Original cataloging agency AR-UNSa-BCEJYS
Language of cataloging spa
Transcribing agency AR-UNSa-BCEJYS
080 ## - UNIVERSAL DECIMAL CLASSIFICATION NUMBER
Universal Decimal Classification number 658.3
Common auxiliary subdivision Personal. Relaciones humanas en la empresa (Recursos Humanos)
020 ## - INTERNATIONAL STANDARD BOOK NUMBER
International Standard Book Number 978-950-641-474-0
100 1# - MAIN ENTRY--PERSONAL NAME
Personal name Alles, Martha Alicia
245 10 - TITLE STATEMENT
Title Selección por competencias
250 ## - EDITION STATEMENT
Edition statement 1a. ed
264 #1 - PRODUCTION, PUBLICATION, DISTRIBUTION, MANUFACTURE, AND COPYRIGHT NOTICE
Place of production, publication, distribution, manufacture Buenos Aires :
Name of producer, publisher, distributor, manufacturer Granica
Date of production, publication, distribution, manufacture, or copyright notice 2006
300 ## - PHYSICAL DESCRIPTION
Extent 438 p.
Dimensions 23 cm
505 ## - FORMATTED CONTENTS NOTE
Formatted contents note 1. ¿Por qué selección por competencias? - 2. La selección de personas en contextos de alto desempeño - 3. Inicio de un proceso de selección - 4. Definición del perfil - 5. Planificación de una selección - 6. Preselección y selección - 7. Las evaluaciones específicas - 8. Negociación, oferta e incorporación - 9. Comunicación y ética durante un proceso de selección - 10. Aplicación de índices de control de gestión en un proceso de selección
590 ## - LOCAL NOTE (RLIN)
Local note niveau_biblio:m niveau_hierar:0
856 41 - ELECTRONIC LOCATION AND ACCESS
Uniform Resource Identifier <a href="https://biblioeco.unsa.edu.ar/pmb/images/libros/Seccion por competencias2-l117543.jpg">https://biblioeco.unsa.edu.ar/pmb/images/libros/Seccion por competencias2-l117543.jpg</a>
Link text Imagen de portada
Electronic format type image/jpeg
942 ## - ADDED ENTRY ELEMENTS (KOHA)
Koha item type
Existencias
Withdrawn status Lost status Damaged status Not for loan Home library Current library Shelving location Date acquired Total checkouts Full call number Barcode Date last seen Price effective from Koha item type
        Biblioteca Prof. Eusebio Cleto del Rey Biblioteca Prof. Eusebio Cleto del Rey   07/04/2026   658.3 A422s L117543 07/04/2026 07/04/2026 Libro
        Biblioteca Prof. Eusebio Cleto del Rey Biblioteca Prof. Eusebio Cleto del Rey   07/04/2026   658.3 A422s L117544 07/04/2026 07/04/2026 Libro